Lamet : hill peasants in French Indochina /

Bibliographic Details
Main Author: Izikowitz, Karl Gustav, 1903-1984
Other Authors: Needham, Rodney
Format: Book
Language:English
Published: New York : AMS Press, [1979]
Series:Etnologiska studier ; v. 17.
Subjects:

MARC

Tag First Indicator Second Indicator Subfields
LEADER 00000pam a2200000 i 4500
001 in00000722607
005 20151016062631.0
008 790323r19791960nyua b 00110 eng
010 |a  76044737  
020 |a 0404159389 
035 |a (OCoLC)04908084 
035 |9 ADD5202AM 
040 |a DLC  |c DLC  |d TXA  |d UtOrBLW 
043 |a a-ls--- 
049 |a TXAM  |c [1383860] 
050 0 0 |a DS555.45.L36  |b I9 1979 
082 0 |a 301.29/597 
090 |a GN2  |b .G6 no. 17 
100 1 |a Izikowitz, Karl Gustav,  |d 1903-1984. 
245 1 0 |a Lamet :  |b hill peasants in French Indochina /  |c by Karl Gustav Izikowitz ; with a new pref. by the author and an addendum (Alliance and classification among the Lamet) / by Rodney Needham. 
264 1 |a New York :  |b AMS Press,  |c [1979] 
264 4 |c ©1979 
300 |a 375 pages, 23 unnumbered pages :  |b illustrations ;  |c 24 cm. 
336 |a text  |b txt  |2 rdacontent 
337 |a unmediated  |b n  |2 rdamedia 
338 |a volume  |b nc  |2 rdacarrier 
500 |a Reprint of 2 works; the 1st originally published by Etnografiska museet, Gothenburg as number 17 of Etnografiska studier; the 2d originally published in Sociologus (Berlin), volume 10, number 2, 1960. 
500 |a Includes index. 
504 |a Bibliography: page [398]. 
650 0 |a Lamet (Laotian people) 
700 1 2 |a Needham, Rodney.  |t Alliance and classification among Lamet. 1979. 
740 0 |a Alliance and classification among Lamet. 
830 0 |a Etnologiska studier ;  |v v. 17. 
999 |a MARS 
999 f f |s 879f5508-8a38-3311-8f6e-dba38c0c38e3  |i d2109ffb-c789-31b5-9230-69bf60c4a896  |t 0 
952 f f |p ric  |a Texas A&M University  |b Rellis Campus  |c Joint Library Facility  |d Remote Storage  |t 0  |e GN2 .G6 no. 17  |h Library of Congress classification  |i unmediated -- volume  |m A14802414414 
998 f f |a GN2 .G6 no. 17  |t 0  |l Remote Storage